000 00956nam a2200289 i 4500
003 EG-GICUC
005 20260504130826.0
008 260504s1956 fr |||| |||| 000 0 eng d
040 _aEG-GiCUC
_bfre
_cEG-GiCUC
_dEG-GiCUC
_eRda
041 0 _afre
082 0 4 _221
_a345.7
_bLA . T
092 0 4 _221
099 _aLaw1 08 345.7 LA . T 1956
100 1 _aDe Laubadère, André
_eAuteur
245 1 0 _aTraité Théorique Et Pratique Des Contrats Administratifs.
_cANDRÉ DE LAUBADÈRE.
_nTOME II ,
264 1 _aParis:
_bLibrairie Générale De Droit Et De Jurisprudence;
_c1956.
300 _a415 page ;
_c 24 cm.
336 _2rda contenu
_a texte
337 _2rda medias
_aOrdinateur
338 _2 transporteur rda
_a Ressource en ligne
546 _aTexte en français
650 1 _aDroit administratif
_2qrmak
651 1 _2qrmak
856 4 0 _uhttps://fll.law.cu.edu.eg/fulltext/bks/B08-04756.pdf
905 _a158
942 _2ddc
_n0
_cBK
_e21
999 _c75492
_d75492